All Carowinds Rides - Statistics

General Stats
  • This quiz has been taken 36 times
    4 since last reset
  • The average score is 8 of 48
Answer Stats
Picture Answer % Correct
Afterburn
100%
Boo Blasters On Boo Hill
50%
Carolina Cyclone
50%
Copperhead Strike
50%
Fury 325
50%
Hurler
50%
Kiddy Hawk
50%
Kite Eating Tree
50%
Nighthawk
50%
Ricochet
50%
Rock 'N' Roller
50%
The Flying Cobras
50%
Thunder Striker
50%
Vortex
50%
WindSeeker
50%
Air Racers
0%
Barracuda Blasters
0%
Blackbeard's Revenge
0%
Boogie Board Racer
0%
Camp Bus
0%
Carolina Goldrusher
0%
Carolina Skytower
0%
Charlie Brown's Wind-up
0%
Coastal Currents
0%
Do-Si-Do
0%
Drop Tower
0%
Electro-Spin
0%
Flying Ace Balloon Race
0%
Gear Spin
0%
Gyro Force
0%
Hover & Dodge
0%
Hurricane Falls
0%
Kaleidoscope
0%
Mountain Gliders
0%
PEANUTS Pirates
0%
PEANUTS Trailblazers
0%
Pelican Plunge
0%
Pig Pen's Mud Buggies
0%
Snoopy's Junction
0%
Snoopy VS. Red Baron
0%
Storm Surge
0%
The Airwalker
0%
The Grand Carousel
0%
Wilderness Run
0%
Windstar
0%
Woodstock Express
0%
Woodstock Whirlybirds
0%
Zephyr
0%
No matching quizzes found
Score Distribution
Percent of People with Each Score
Percentile by Number Answered
Your Score History
You have not taken this quiz since the last reset